| 000 | 00347nam a22001217a 4500 | ||
|---|---|---|---|
| 020 | _a9783844318067 | ||
| 082 |
_a629.2 _bEKO |
||
| 100 | _aPutro, Idris Eko | ||
| 245 |
_aModeling and Neural Control Simulation for Autonomous Quadrotor / _cIdris Eko Putro |
||
| 260 |
_aUSA _bLambert _c2011. |
||
| 300 |
_a92p; _bPaperback |
||
| 942 |
_2ddc _cBK |
||
| 999 |
_c594321 _d594321 |
||